| 000 | 01262nam a22003017a 4500 | ||
|---|---|---|---|
| 999 |
_c31355 _d31352 |
||
| 003 | OSt | ||
| 005 | 20190131083344.0 | ||
| 008 | 190131b ||||| |||| 00| 0 eng d | ||
| 020 | _a9781305252486 | ||
| 040 |
_aMMU _cMMU _dMMU |
||
| 042 | _apcc | ||
| 050 | 0 | 0 |
_aRM218.7 _b.B38 2016 |
| 100 | 1 | _aBauer, Kathleen D. | |
| 245 | 1 | 0 |
_aNutrition counseling and education skill development / _cKathleen D. Bauer, Doreen Liou |
| 250 | _a3rd ed. | ||
| 260 |
_aBoston, MA: _bWadsworth, Cengage Learning, _cc2012. |
||
| 300 |
_axv, 448 p. : _bill. ; _c28 cm. |
||
| 500 | _aRev. ed. of: Basic nutrition counseling skill development / Kathleen D. Bauer, Carol A. Sokolik. c2002. | ||
| 504 | _aIncludes bibliographical references and index. | ||
| 650 | 0 | _aNutrition counseling. | |
| 700 | 1 | _aLiou, Doreen. | |
| 700 | 1 | _aSokolik, Carol. | |
| 700 | 1 |
_aBauer, Kathleen D. _tBasic nutrition counseling skill development. |
|
| 856 | 4 | 2 |
_3Publisher description _uhttp://www.loc.gov/catdir/enhancements/fy1212/2011929588-d.html |
| 856 | 4 | 1 |
_3Table of contents only _uhttp://www.loc.gov/catdir/enhancements/fy1212/2011929588-t.html |
| 856 | 4 | 2 |
_3Contributor biographical information _uhttp://www.loc.gov/catdir/enhancements/fy1303/2011929588-b.html |
| 942 |
_2lcc _cLOAN LOAN |
||